|
|
|
|
| LEADER |
00000nam a22000007ib4500 |
| 001 |
IT\ICCU\UBO\2254956 |
| 003 |
ItRI |
| 005 |
20260223173536.0 |
| 008 |
030723s1997 gw |||||| ||||| |||||c |
| 020 |
|
|
|z 3822881644
|
| 040 |
|
|
|b ita
|c ct
|
| 041 |
|
7 |
|a eng
|2 ISO-639-2
|
| 245 |
0 |
0 |
|a 1965-1977,
|p volume II.
|
| 260 |
|
|
|a Köln :
|b Taschen,
|c c1997
|
| 300 |
|
|
|a 1 v. :
|b in gran parte ill. ;
|c 20 cm
|
| 500 |
|
|
|a Senza paginazione.
|
| 773 |
0 |
|
|w IT\ICCU\UBO\2254829
|t The complete reprint of Physique Pictorial 1951-1990
|g 2
|a Stanley, Wayne E.
|0 IT\ICCU\UBOV\815798
|
| 942 |
|
|
|2 ddc
|c BK
|
| 952 |
|
|
|0 0
|1 0
|2 ddc
|4 0
|6 B_AFT02STAWACOM1202
|7 0
|9 8517
|a MI
|b MI
|d 2006-01-21
|i 4354
|l 0
|o B-AFT02-STAWA-COM12-02
|p CDOM4354
|r 2025-07-17 21:50:00
|w 2025-07-17
|x ACQUISTO
|y BK
|
| 952 |
|
|
|0 0
|1 0
|2 ddc
|4 0
|6 B_AFT02STAWACOM1102
|7 0
|9 8518
|a MI
|b MI
|d 2006-01-21
|i 4215
|l 0
|o B-AFT02-STAWA-COM11-02
|p CDOM4215
|r 2025-07-17 21:50:00
|w 2025-07-17
|x ACQUISTO
|y BK
|
| 952 |
|
|
|0 0
|1 0
|2 ddc
|4 0
|6 A_46_000000000000000
|7 1
|9 9685
|a VT
|b VT
|d 2025-10-02
|e Deposito Lorenzo Abbate
|i ABB47
|l 0
|o A46
|p ABB47
|r 2025-10-02 15:58:00
|w 2025-10-02
|y BK
|z Deposito Lorenzo Abbate
|
| 952 |
|
|
|0 0
|1 0
|4 0
|6 DOC_778_921000000000000_PHY
|7 0
|9 14260
|a BO
|b BO
|d 2026-01-15
|i 8183
|l 0
|o DOC 778.921 PHY
|p BO8183
|r 2026-01-15 23:18:41
|w 2026-01-15
|x [Sebina 7] [2 v.]
|y BK
|z 2 v. (2. copia)
|
| 952 |
|
|
|0 0
|1 0
|4 0
|6 DOC_778_942000000000000_PHY
|7 0
|9 14261
|a BO
|b BO
|d 2026-01-15
|i 7321
|l 0
|o DOC 778.942 PHY
|p BO7321
|r 2026-01-15 23:18:41
|w 2026-01-15
|x [Sebina 5] [V. 2]
|y BK
|z V. 2
|
| 999 |
|
|
|c 7096
|d 7096
|